Normal view
MARC view
Entry Corporate Name
001 - CONTROL NUMBER
- control field: 1162829
003 - CONTROL NUMBER IDENTIFIER
- control field:
005 - DATE AND TIME OF LATEST TRANSACTION
- control field: 20210628175408.0
008 - FIXED-LENGTH DATA ELEMENTS
- fixed length control field: 210628|| aca||aabn | a|a d
040 ## - CATALOGING SOURCE
- Original cataloging agency:
- Transcribing agency:
110 ## - HEADING--CORPORATE NAME
- Corporate name or jurisdiction name as entry element: Institution of Electrical Engineers
670 ## - SOURCE DATA FOUND
- Source citation: Work cat.: ()1202251: High voltage engineering and testing /, 2010
